Normal view
MARC view
Entry Personal Name
001 - CONTROL NUMBER
- control field: 257591
003 - CONTROL NUMBER IDENTIFIER
- control field:
005 - DATE AND TIME OF LATEST TRANSACTION
- control field: 20210601205711.0
008 - FIXED-LENGTH DATA ELEMENTS
- fixed length control field: 210601|| aca||aabn | a|a d
040 ## - CATALOGING SOURCE
- Original cataloging agency:
- Transcribing agency:
100 ## - HEADING--PERSONAL NAME
- Personal name: Geary, Clifford
670 ## - SOURCE DATA FOUND
- Source citation: Work cat.: (): Grant, Madeleine P. (Madeleine Parker), 1895- 257590, Louis Pasteur :, c1959
